000 00568nam a2200229Ia 4500
003 OSt
005 20221005092047.0
006 a|||||r|||| 00| 0
007 ta
008 221004b |||||||| |||| 00| 0 eng d
024 _a47467
037 _cTextual
040 _aCRL
_cCRL
_beng
041 _2eng
_aeng
082 _aP111,3, L9
245 0 _aHow to increase your word power
260 _aNew York
_bReader's Digest
_c1979
300 _a727p.
_ccm.
650 _aLINGUISTICS
942 _hP111,3, L9
_cTEXL
_2cc
999 _c998275
_d998275